Quizzes
Events
Quiz Creation
Community
Videos
Private Events
Remove Ads
Sign In
Join for FREE
Feedback
Dark Mode
Quiz Categories
Sports
Geography
Music
Movies
Television
Just For Fun
Miscellaneous
History
Literature
Language
Science
Gaming
Entertainment
Religion
Holiday
For Kids
Quiz Lab
Recent
Popular Today
Quiz Kudos Today
Editor Picks
Curator Picks
Quizzes by...
Day
Popularity
Type
Ratings
Length
Year
Community
Subscriptions
Recent Discussions
Orange Saloon
Badges
Playlists
Quests
Create
Leaderboards
Showdown
Live 5
Trivia Bingo
Activity
Puzzle Library
Sporcle Events
Private Events
Virtual Trivia
Globe League
Become a Host
Pub Owners
SporcleCon
Opinionation
Our Games
Videos
Blog
Mobile Apps
Partnerships
Remove Ads and Go Orange
Feedback
Gaming
Video Games
Board Games
Card Games
Pokémon
Mario
Nintendo
Minecraft
Console
Toys
Legend of Zelda
Gaming
Video Games
Board Games
Card Games
Pokémon
Mario
Nintendo
Minecraft
Console
Toys
Legend of Zelda
Random Quiz
Search Sporcle
×
Quiz Lab
Quiz Lab
Gaming
Clickable
Select answers by clicking on text or image buttons
Select answers by clicking on text or image buttons
Clickable
Best Score? Go Orange.
Paladins: Champions of the Realm Quotes 2 Stats
Can you associate the Paladins: Champions of the Realm quote to its respective champion?
By
eonsurge
8m
33 Questions
491 Plays
491 Plays
491 Plays
Comments
Comments
Give Quiz Kudos
Give Quiz Kudos
-
- Ratings
hide this ad
More Info
Forced Order
Answers have to be entered in order
Answers have to be entered in order
Replay
Link that replays current quiz
Next Quiz
Link to next quiz in quiz playlist
You Got
0%
They Got
Avg Score
49%
Avg Friend Score
Upgrade to see
Score Distribution
Jump to the score distribution portion of the page
Score
0/33
Timer
08:00
0
Plays Today
% Correct
Ruckus
77.7%
Evie
69.5%
Androxus
67.4%
Jenos
66.6%
Ying
65.6%
Maeve
65.2%
Buck
65.2%
Talus
63.9%
Willo
63.5%
Viktor
62.3%
Strix
62.1%
Skye
61.6%
Kinessa
60.4%
Fernando
58.8%
Sha Lin
57.5%
Grohk
53%
Zhin
47.6%
% Correct
Pip
47%
Ash
46%
Tyra
45.2%
Terminus
41.2%
Drogoz
40.8%
Bomb King
38.8%
Mal'Damba
38.4%
Makoa
37.9%
Torvald
34.4%
Inara
33.4%
Barik
32.2%
Lian
31.5%
Grover
30.7%
Cassie
29.7%
Seris
28%
Lex
27.4%
Quiz Playlist
Details
Report
Send in Message
Add To Playlist
More Info:
Updated to OB61 (October 2017)
Clickable:
Select answers by clicking on text or image buttons
Forced Order:
Answers have to be entered in order
Last Updated: Oct 23, 2017
Quiz Scoreboard
CHALLENGE
Sign Up to Join the Scoreboard
Show All
Scores
Hide
Comments
May contain spoilers
Recently Published
Billboard Blitz: Fleetwood Mac
by CooCooCachoo
Music
15s
Presidents Visiting Landmarks
by Hejman
History
7m
An Introduction to Baseball
by treessimontrees
Sports
5m
More to Explore
Quiz From the Vault
Featured Blog Post
Where Did the Easter Bunny Come From?
hide this ad
You Might Also Like...
Tags
Clickable Quiz
Quote Quiz
associate
champion
paladin
realm
Respective
Today's Top Quizzes in Gaming
Browse Gaming
hide this ad
Today's Top Quizzes in Clickable
Browse Clickable
Top Contributed Quizzes in Gaming
1
5-to-1: Consoles
2
7-to-1: Board Game Piece Blitz
3
5-to-1: Legend of Zelda
4
Destiny 2 exotic weapons by perk icons
5
League of Legends Pro Players by Career/Team History
6
Ultimate Genshin Impact Logic Puzzle (up to 4.3)
7
Franchise by Action Figure
8
Genshin Impact Logic Puzzle Quiz
9
Who's on the WWE 2K24 Cover?
10
Overwatch Logic Puzzle
Explore More
Trending Topics
Crossword
Disney
Anime
Harry Potter
Kpop
Marvel
NBA
Soccer
The Office
Pokémon
NFL
Country
WWE
Song
Puzzle
hide this ad
More By:
eonsurge
Quiz
Plays
Rating
Category
Featured
Created
Paladins: Champions of the Realm Ult Quotes
4,866
4.00
Gaming
Aug 30, 2017
Paladins: Champions of the Realm Champions
2,902
4.43
Gaming
Apr 22, 2017
Paladins: Champions of the Realm Quotes
1,173
5.00
Gaming
Mar 1, 2017
Paladins: Champions of the Realm Introduction Quotes
1,052
5.00
Gaming
Apr 13, 2017
Paladins: Champions of the Realm Quotes 2
491
Gaming
Sep 3, 2017
Go to Creator's Profile
Score Distribution
Quiz Creator Spotlight
eonsurge
Follow
Send a Message
Quizzes Created
-
Created Quiz Play Count
-
More By This Creator
Popular Quizzes Today
1
Find the US States - No Outlines Minefield
2
Find the Countries of Europe - No Outlines Minefield
3
The Countries of the World
4
Find the US States
5
US States
6
Popular People in 1961
7
Risky Map Clicking: Biggest States A-Z
8
Movies - When Are They Set?
More Gaming Quizzes
Fallout 3: S.P.E.C.I.A.L.
Published
Trending Quizzes
Risky Map Clicking: Least Populous States A-Z
1-10 Letter G Words
1-10 Letter F Words
Risky Map Clicking: Next State Alphabetically
Risky Map Clicking: Biggest States A-Z
Recently Updated
Leaping Animals
pecheneg
Reality TV Shows (A-Z)
bhenderson79
Rickey Henderson's Hall of Fame Teammates
pecheneg
Champions League XIs: Arsenal
pecheneg
Quick Pick: Celebrities in WWE's Hall of Fame
aduchscher
A-Z Keypad Blitz II
pecheneg
Multiple Oscar Actors
pecheneg
Mystery Phrase Blitz: Oscar 'Best Actors'
pecheneg
F. Scott Fitzgerald Novels
LTH
Pick 3 Villains
ddd62291
Trending Topics
Disney
Kpop
Harry Potter
Crossword
Marvel
Anime
NBA
Country
The Office
NFL
Song
Soccer
WWE
Puzzle
Pokémon
Your Account Isn't Verified!
In order to create a playlist on Sporcle, you need to verify the email address you used during registration. Go to your
Sporcle Settings
to finish the process.
Report this User
Report this user for behavior that violates our
Community Guidelines
.
Details:
Send Report
Go to the Sporcle.com Mobile Site →
Comments